000 01305nam a2200337 a 4500
001 58574
003 BD-RjUL
005 20211209080633.0
008 161219s2005 dcua b i100 0 eng
020 _a9788213592826
020 _a0821359282 (pbk.)
035 _a(BD-RjUL)58698
040 _aDLC
_cDLC
_dBD-RjUL
_beng
041 _aeng
082 0 0 _a658.16
_223
_bCOR 2005
245 0 0 _aCorporate restructuring :
_blessons from experience /
_cedited by Michael Pomerleano, William Shaw.
260 _aWashington, D.C. :
_bWorld Bank,
_c2005.
300 _axlix, 382 p. :
_bill. ;
_c24 cm.
500 _aPresentations from a conference, "Corporate Restructuring--International Best Practices," hosted in March 2004 by the World Bank Group and held in Washington, D.C.
504 _aIncludes bibliographical references.
650 0 _aCorporate reorganizations
_vCongresses.
_9174033
650 0 _aConsolidation and merger of corporations
_vCongresses.
_9174034
650 0 _aFinancial crises
_vCongresses
_9174035
650 0 _aBankruptcy
_vCongresses.
_9174036
650 0 _aInternational finance
_vCongresses.
_9174037
700 1 _aPomerleano, Michael.
_9174038
700 1 _aShaw, William,
_d1953-
_9174039
710 2 _aWorld Bank.
_9171728
942 _2ddc
_cBK
999 _c58574
_d58574